000 00586cam a22002297a 4500
001 000723
003 armpunfd
005 20140612090618.0
008 011019s1959###xx#a##########000###und#d
040 _aarmpunfd
_carmpunfd
080 _a347 M 456
100 1 0 _a Mazeaud, Jean
245 1 0 _aLecciones de derecho civil: parte primera
260 _a Buenos Aires :
_b Ejea,
_c1959.
300 _a572p.
650 7 _a Derecho Civil
_2LEMB
650 7 _a Familia
_2LEMB
700 1 0 _aMazeaud, Henri
700 1 0 _aMazeaud, Leon
942 _cLB
_2cdu
945 _aCatalis
_d2010-08-19
999 _c714
_d231218